[Event "FIDE Online Steinitz Memorial"]
[Site "chess24.com INT"]
[Date "2020.05.15"]
[EventDate "2020.05.15"]
[Round "5.1"]
[Result "1/2-1/2"]
[White "Bu Xiangzhi"]
[Black "Jeffery Xiong"]
[WhiteElo "2705"]
[BlackElo "2709"]
[PlyCount "88"]

1. Nf3 d5 2. d4 Nf6 3. c4 e6 4. Nc3 dxc4 5. e4 b5 6. e5 Nd5
7. Nxb5 Nb6 8. Be2 Nc6 9. O-O Be7 10. Qd2 Qd7 11. Rd1 Bb7
12. a4 Nb4 13. Na3 Bd5 14. a5 Nc8 15. Nxc4 Rb8 16. Ne3 Be4
17. b3 O-O 18. Ba3 Rd8 19. Rac1 Nc6 20. Bxe7 N8xe7 21. Qc3
Bxf3 22. Bxf3 Nxd4 23. Kh1 Rxb3 24. Qc5 Rb5 25. Qxa7 c5
26. Qxd7 Rxd7 27. a6 Ra7 28. Bb7 Nec6 29. Nc4 Rbxb7 30. axb7
Rxb7 31. Nd6 Rb2 32. f4 Rc2 33. Rxc2 Nxc2 34. Rc1 N6b4 35. Ne4
c4 36. Nd2 c3 37. Ne4 h6 38. Nxc3 Ne3 39. g3 Nd3 40. Re1 Nf2+
41. Kg1 Nh3+ 42. Kh1 Nf2+ 43. Kg1 Nh3+ 44. Kh1 Nf2+ 1/2-1/2

[Event "FIDE Online Steinitz Memorial"]
[Site "chess24.com INT"]
[Date "2020.05.16"]
[EventDate "2020.05.15"]
[Round "7"]
[Result "1-0"]
[White "Magnus Carlsen"]
[Black "Bu Xiangzhi"]
[WhiteElo "2863"]
[BlackElo "2705"]
[PlyCount "63"]

1. e4 e5 2. Nf3 Nf6 3. Nc3 Bb4 4. Nxe5 O-O 5. Nd3 Bxc3 6. dxc3
Nxe4 7. Nf4 Re8 8. Be2 d6 9. O-O Nd7 10. c4 Ndc5 11. f3 Nf6
12. b3 Qe7 13. Rf2 Qe5 14. Rb1 a5 15. Qd2 h6 16. Bb2 Qg5
17. Bf1 Ne6 18. Nd5 Nxd5 19. cxd5 Nf4 20. Kh1 Nxd5 21. f4 Qf5
22. g4 Qe6 23. Re2 Ne3 24. Bg2 Qxg4 25. Rxe3 Rxe3 26. Qxe3 Bf5
27. Rg1 Qh5 28. Bxb7 Rb8 29. Bf3 Qh4 30. Bxg7 Bg6 31. Bc3 Qh3
32. Rxg6+ 1-0

[Event "FIDE Online Steinitz Memorial"]
[Site "chess24.com INT"]
[Date "2020.05.16"]
[EventDate "2020.05.15"]
[Round "8"]
[Result "1-0"]
[White "Le Quang Liem"]
[Black "Bu Xiangzhi"]
[WhiteElo "2709"]
[BlackElo "2705"]
[PlyCount "147"]

1. Nf3 d5 2. e3 Nf6 3. c4 c6 4. Nc3 e6 5. b3 Nbd7 6. Qc2 Bd6
7. Bb2 Qe7 8. d4 O-O 9. Bd3 e5 10. cxd5 cxd5 11. dxe5 Nxe5
12. Nxe5 Bxe5 13. Ne2 Bg4 14. Bxe5 Qxe5 15. Nd4 Rac8 16. Qb2
Bd7 17. h3 Ne4 18. O-O g6 19. Rac1 a6 20. Rxc8 Rxc8 21. Rc1
Rxc1+ 22. Qxc1 Qd6 23. a3 Nc5 24. Qc3 Nxd3 25. Qxd3 Qxa3
26. Qc3 Qd6 27. Ne2 b6 28. Qd4 Qc5 29. Qf6 Qc6 30. Qd8+ Kg7
31. Nd4 Qb7 32. Qe7 Qc8 33. Qd6 b5 34. Qxd5 Qc1+ 35. Kh2 Qc7+
36. f4 Bc8 37. Ne2 Bb7 38. Qd4+ Kg8 39. Nc3 a5 40. Kg3 b4
41. Nd5 Bxd5 42. Qxd5 Qc3 43. Kf3 a4 44. Qa8+ Kg7 45. Qxa4 h5
46. Qa2 h4 47. Qb1 f5 48. Qd1 Qc6+ 49. Kf2 Kh6 50. Qd4 Kh7
51. Qxb4 Qc2+ 52. Kg1 Qc1+ 53. Kf2 Qc2+ 54. Kf1 Qd1+ 55. Qe1
Qd3+ 56. Kg1 Qxb3 57. Qxh4+ Kg8 58. Qd8+ Kf7 59. Qd7+ Kf6
60. Qd4+ Kf7 61. Kh2 Qa3 62. e4 fxe4 63. Qxe4 Qc3 64. Qd5+ Kf8
65. Qd6+ Kf7 66. Qd5+ Kf8 67. Qe5 Qd3 68. Qf6+ Kg8 69. h4 Kh7
70. Qg5 Qe2 71. Qe5 Qg4 72. Qe7+ Kg8 73. Qg5 Qe6 74. h5 1-0

[Event "FIDE Online Steinitz Memorial"]
[Site "chess24.com INT"]
[Date "2020.05.16"]
[EventDate "2020.05.15"]
[Round "11"]
[Result "1/2-1/2"]
[White "Bu Xiangzhi"]
[Black "Anton Korobov"]
[WhiteElo "2705"]
[BlackElo "2688"]
[PlyCount "124"]

1. Nf3 Nf6 2. c4 g6 3. Nc3 Bg7 4. e4 d6 5. d4 O-O 6. Be2 e5
7. O-O Nc6 8. dxe5 dxe5 9. Qxd8 Rxd8 10. Bg5 Rf8 11. Rfd1 h6
12. Be3 Be6 13. Nd5 Rfc8 14. Nxf6+ Bxf6 15. Bxh6 Nd4 16. Nxd4
exd4 17. Bf4 c5 18. Bd3 b5 19. Rac1 b4 20. Bd6 a5 21. e5 Bg5
22. Rc2 a4 23. Re2 Ra6 24. h3 b3 25. a3 Kg7 26. Rf1 Bf4 27. g3
Rxd6 28. exd6 Bxd6 29. Kg2 Rh8 30. h4 Kf6 31. Rfe1 Rh5 32. Rc1
Bd7 33. Be4 Re5 34. Bf3 Bf5 35. Rd2 Bc2 36. Rdxc2 bxc2
37. Rxc2 Re7 38. Be2 Rb7 39. Kf1 Bc7 40. Bd1 Ba5 41. Re2 d3
42. Re3 d2 43. Bxa4 Rxb2 44. Bd1 Ra2 45. Ke2 Bc7 46. Rd3 Be5
47. Rxd2 Rxa3 48. Kf1 Bd4 49. Kg2 Ra1 50. Bf3 Rb1 51. Bd5 Rb2
52. Rxb2 Bxb2 53. f4 Bd4 54. g4 Kg7 55. Kf3 f6 56. Be4 Bc3
57. Ke2 Bd4 58. g5 fxg5 59. hxg5 Bb2 60. Kf3 Bc1 61. Bd3 Bd2
62. Kg4 Bc1 1/2-1/2

[Event "FIDE Online Steinitz Memorial"]
[Site "chess24.com INT"]
[Date "2020.05.16"]
[EventDate "2020.05.15"]
[Round "12"]
[Result "0-1"]
[White "David Anton Guijarro"]
[Black "Bu Xiangzhi"]
[WhiteElo "2703"]
[BlackElo "2705"]
[PlyCount "58"]

1. Nf3 d5 2. b3 c5 3. e3 Nc6 4. Bb5 Bd7 5. Bb2 Nf6 6. O-O e6
7. c4 a6 8. Bxc6 Bxc6 9. Ne5 Qc7 10. cxd5 Bxd5 11. d3 Be7
12. Nd2 O-O 13. Rc1 Rfd8 14. Qe2 Rac8 15. f4 b5 16. e4 Bb7
17. Ng4 Nxg4 18. Qxg4 g6 19. f5 exf5 20. Rxf5 Rxd3 21. Nf3 Rf8
22. Ne5 Re3 23. Nxf7 Rxf7 24. Rxf7 Kxf7 25. Rf1+ Ke8 26. Qe6
Qd6 27. Qg8+ Kd7 28. e5 Qd5 29. e6+ Rxe6 0-1

[Event "FIDE Online Steinitz Memorial"]
[Site "chess24.com INT"]
[Date "2020.05.17"]
[EventDate "2020.05.15"]
[Round "14"]
[Result "1-0"]
[White "Jeffery Xiong"]
[Black "Bu Xiangzhi"]
[WhiteElo "2709"]
[BlackElo "2705"]
[PlyCount "79"]

1. c4 c6 2. d4 d5 3. Nf3 Nf6 4. cxd5 cxd5 5. Nc3 Nc6 6. Bf4
Bf5 7. Qb3 Na5 8. Qa4+ Bd7 9. Qc2 e6 10. e3 Nh5 11. Be5 f6
12. Bg3 Rc8 13. Bd3 Bb4 14. O-O Nc4 15. Rac1 Nxg3 16. hxg3
Bxc3 17. bxc3 g6 18. e4 dxe4 19. Bxe4 b5 20. Rfe1 Kf7 21. Qe2
Qb6 22. Nd2 Nxd2 23. Qxd2 Qd6 24. Re3 Kg7 25. Rce1 e5 26. Rd3
Be6 27. dxe5 Qe7 28. Bd5 Bxd5 29. Rxd5 Rhd8 30. Qd4 Kf8
31. Re3 Rxd5 32. Qxd5 Rd8 33. Qxb5 fxe5 34. Rxe5 Qf6 35. Re3
Kg7 36. Qb7+ Kh6 37. Re4 g5 38. Qxa7 Rd1+ 39. Kh2 Qg6 40. Qe3
1-0

[Event "FIDE Online Steinitz Memorial"]
[Site "chess24.com INT"]
[Date "2020.05.17"]
[EventDate "2020.05.15"]
[Round "16"]
[Result "0-1"]
[White "Bu Xiangzhi"]
[Black "Magnus Carlsen"]
[WhiteElo "2705"]
[BlackElo "2863"]
[PlyCount "84"]

1. Nf3 d5 2. d4 Nf6 3. c4 c6 4. Nc3 e6 5. e3 Nbd7 6. Qc2 Bd6
7. Be2 dxc4 8. Bxc4 b5 9. Be2 Bb7 10. O-O O-O 11. b3 a6
12. Bb2 c5 13. dxc5 Bxc5 14. Rfd1 Rc8 15. a3 Qe7 16. b4 Bd6
17. Qb3 Ng4 18. h3 Nge5 19. Nxe5 Nxe5 20. Rd4 Bb8 21. Ne4 Bd5
22. Qd1 Nc6 23. Rxd5 exd5 24. Qxd5 Rfd8 25. Qf5 Be5 26. Bxe5
Nxe5 27. Nc5 g6 28. Qe4 Qf6 29. Re1 Rd2 30. f4 Nc4 31. Bxc4
bxc4 32. Qxc4 Qc6 33. Re2 Rcd8 34. Kf2 a5 35. b5 Rxe2+
36. Kxe2 Qxg2+ 37. Ke1 Qd2+ 38. Kf1 Qxe3 39. Ne4 Rd1+ 40. Kg2
Rd4 41. Qc8+ Kg7 42. Nf2 Rd2 0-1

[Event "FIDE Online Steinitz Memorial"]
[Site "chess24.com INT"]
[Date "2020.05.17"]
[EventDate "2020.05.15"]
[Round "17"]
[Result "1-0"]
[White "Peter Svidler"]
[Black "Bu Xiangzhi"]
[WhiteElo "2723"]
[BlackElo "2705"]
[PlyCount "33"]

1. e4 e5 2. Bc4 Nf6 3. d3 c6 4. Nf3 d5 5. Bb3 a5 6. Nc3 d4
7. Nxe5 dxc3 8. Nxf7 Qe7 9. Nxh8 Be6 10. bxc3 g6 11. O-O Bg7
12. Nxg6 hxg6 13. Ba3 Qxa3 14. Bxe6 Qxc3 15. Rb1 b5 16. d4 Na6
17. Rb3 1-0

[Event "FIDE Online Steinitz Memorial"]
[Site "chess24.com INT"]
[Date "2020.05.17"]
[EventDate "2020.05.15"]
[Round "18"]
[Result "1-0"]
[White "Bu Xiangzhi"]
[Black "Le Quang Liem"]
[WhiteElo "2705"]
[BlackElo "2709"]
[PlyCount "49"]

1. Nf3 Nf6 2. c4 c5 3. g3 b6 4. Bg2 Bb7 5. O-O e6 6. Nc3 Be7
7. d4 cxd4 8. Qxd4 d6 9. Rd1 a6 10. Ng5 Bxg2 11. Kxg2 O-O
12. Nce4 Ne8 13. Qd3 h6 14. Nh7 Nc6 15. Nxf8 Bxf8 16. Bf4 Ra7
17. Qf3 Qc7 18. Rac1 f5 19. Nc3 Qc8 20. h4 Rd7 21. e4 g6
22. exf5 gxf5 23. Qh5 Kh7 24. Nd5 Rb7 25. Qxe8 1-0